000 00651nam a2200229Ia 4500
003 OSt
005 20220925210925.0
006 a|||||r|||| 00| 0
007 ta
008 220923b |||||||| |||| 00| 0 eng d
037 _cGeneral Book
040 _aRTL
_cRTL
_beng
041 _2eng
_aeng
082 _aXm5,9(J):8D.2.N8, M6
100 _aSharma M L
_9102031
245 0 _aFinancial appraisal of industrial corporations in
260 _aJaipur
_bPrateeksha Publications
_c1986
300 _a221p
_ccm.
650 _aCompany Law
942 _hXm5,9(J):8D.2.N8, M6
_cGB
_2CC
999 _c556290
_d556290